[Event "Teplice Open 2019"]
[Site "Teplice"]
[Date "2019.06.19"]
[Round "5.35"]
[White "Richterova, Natasa"]
[Black "Mikes, Jan"]
[Result "0-1"]
[WhiteElo "2190"]
[BlackElo "2404"]
[Annotator "NA"]
[PlyCount "70"]
[EventDate "2019.06.15"]
[EventType "swiss"]
[EventCountry "CZE"]
[SourceTitle "playchess.com"]
[Source "ChessBase"]
[SourceQuality "1"]
[TimeControl "40/5400+30:1800+30"]

1. d4 {[%emt 0:00:00]} Nf6 {[%emt 0:00:00]} 2. c4 {[%emt 0:00:00]} g6 {[%emt 0:00:00]} 3. Nc3 {[%emt 0:00:00]} Bg7 {[%emt 0:00:00]} 4. e4 {[%emt 0:00:00]} d6 {[%emt 0:00:00]} 5. Nf3 {[%emt 0:00:15]} O-O {[%emt 0:00:00]} 6. Be2 {[%emt 0:00:04]} e5 {[%emt 0:00:06]} 7. dxe5 {[%emt 0:00:17]} dxe5 {[%emt 0:00:06]} 8. Qxd8 {[%emt 0:00:05]} Rxd8 {[%emt 0:00:04]} 9. Bg5 {[%emt 0:00:07]} c6 {[%emt 0:00:38]} 10. Nxe5 {[%emt 0:02:58]} Re8 {[%emt 0:00:35]} 11. O-O-O {[%emt 0:00:56]} Na6 {[%emt 0:01:06]} 12. Bf4 {[%emt 0:44:36]} Nc5 {[%emt 0:03:56]} 13. Bf3 {[%emt 0:04:16]} g5 {[%emt 0:21:13]} 14. Be3 {[%emt 0:08:15]} Rxe5 {[%emt 0:02:37]} 15. Rd8+ {[%emt 0:03:13]} Bf8 {[%emt 0:00:18]} 16. Bd4 {[%emt 0:00:20]} Ncd7 {[%emt 0:01:35]} 17. Bxe5 {[%emt 0:00:52]} Nxe5 {[%emt 0:00:05]} 18. h4 {[%emt 0:02:13]} gxh4 {[%emt 0:26:50]} 19. Be2 {[%emt 0:05:38]} Ng6 {[%emt 0:00:29]} 20. e5 {[%emt 0:17:33]} Nxe5 {[%emt 0:00:12]} 21. f4 {[%emt 0:04:33]} Ng6 {[%emt 0:14:29]} 22. f5 {[%emt 0:00:03]} Ne7 {[%emt 0:00:24]} 23. Rxh4 {[%emt 0:03:19]} Kg7 {[%emt 0:01:28]} 24. g4 {[%emt 0:01:03]} h6 {[%emt 0:00:04]} 25. Bf3 {[%emt 0:00:48]} Neg8 {[%emt 0:00:27]} 26. Rh1 {[%emt 0:00:41]} Be7 {[%emt 0:00:13]} 27. Rdd1 {[%emt 0:00:10]} Bd7 {[%emt 0:04:08]} 28. Rd3 {[%emt 0:00:20]} Rb8 {[%emt 0:00:44]} 29. Rhd1 {[%emt 0:00:25]} Be8 {[%emt 0:00:05]} 30. Ne2 {[%emt 0:01:09]} b5 {[%emt 0:00:08]} 31. cxb5 {[%emt 0:00:14]} cxb5 {[%emt 0:00:13]} 32. Nd4 {[%emt 0:00:16]} b4 {[%emt 0:00:27]} 33. Bc6 {[%emt 0:01:09]} Rc8 {[%emt 0:00:15]} 34. Kb1 {[%emt 0:00:27]} Bxc6 {[%emt 0:00:13]} 35. Nxc6 {[%emt 0:00:05]} Rxc6 {[%emt 0:00:04]} 0-1

[Event "Teplice Open 2019"]
[Site "Teplice"]
[Date "2019.06.19"]
[Round "5.36"]
[White "Lyell, Mark"]
[Black "Morgunov, Marc"]
[Result "0-1"]
[WhiteElo "2222"]
[BlackElo "2351"]
[Annotator "NA"]
[PlyCount "104"]
[EventDate "2019.06.15"]
[EventType "swiss"]
[EventCountry "CZE"]
[SourceTitle "playchess.com"]
[Source "ChessBase"]
[SourceQuality "1"]
[TimeControl "40/5400+30:1800+30"]

1. d4 {[%emt 0:00:00]} Nf6 {[%emt 0:00:00]} 2. Bf4 {[%emt 0:00:12]} g6 {[%emt 0:00:02]} 3. Nc3 {[%emt 0:00:19]} d5 {[%emt 0:00:37]} 4. e3 {[%emt 0:00:28]} Bg7 {[%emt 0:01:08]} 5. h4 {[%emt 0:00:19]} h5 {[%emt 0:02:19]} 6. Nf3 {[%emt 0:00:17]} O-O {[%emt 0:04:11]} 7. Ne5 {[%emt 0:01:15]} Nbd7 {[%emt 0:06:01]} 8. Be2 {[%emt 0:07:00]} c6 {[%emt 0:09:28]} 9. Qd2 {[%emt 0:07:19]} Nxe5 {[%emt 0:05:13]} 10. Bxe5 {[%emt 0:00:48]} b5 {[%emt 0:01:00]} 11. f3 {[%emt 0:01:22]} Qa5 {[%emt 0:07:48]} 12. Nd1 {[%emt 0:00:26]} Qb6 {[%emt 0:01:17]} 13. a4 {[%emt 0:03:33]} bxa4 {[%emt 0:06:50]} 14. Rxa4 {[%emt 0:04:05]} c5 {[%emt 0:14:57]} 15. O-O {[%emt 0:07:41]} cxd4 {[%emt 0:07:31]} 16. Bxd4 {[%emt 0:02:28]} Qc7 {[%emt 0:01:25]} 17. Qc3 {[%emt 0:01:01]} Qxc3 {[%emt 0:02:51]} 18. Nxc3 {[%emt 0:00:32]} Bf5 {[%emt 0:02:02]} 19. Bd3 {[%emt 0:08:02]} Bxd3 {[%emt 0:02:14]} 20. cxd3 {[%emt 0:00:04]} Rfb8 {[%emt 0:01:50]} 21. b4 {[%emt 0:00:59]} Rb7 {[%emt 0:02:40]} 22. b5 {[%emt 0:05:46]} e6 {[%emt 0:02:40]} 23. Rb1 {[%emt 0:16:38]} Nd7 {[%emt 0:01:31]} 24. Bxg7 {[%emt 0:01:24]} Kxg7 {[%emt 0:00:04]} 25. Rab4 {[%emt 0:06:04]} Rc8 {[%emt 0:02:21]} 26. Na4 {[%emt 0:01:10]} Nc5 {[%emt 0:02:01]} 27. Nxc5 {[%emt 0:04:32]} Rxc5 {[%emt 0:00:05]} 28. R1b2 {[%emt 0:01:14]} Rc3 {[%emt 0:01:06]} 29. R4b3 {[%emt 0:01:08]} Rxb3 {[%emt 0:00:17]} 30. Rxb3 {[%emt 0:00:59]} a6 {[%emt 0:00:38]} 31. b6 {[%emt 0:00:08]} Kf6 {[%emt 0:00:24]} 32. Kf2 {[%emt 0:01:24]} Ke5 {[%emt 0:01:21]} 33. g4 {[%emt 0:03:36]} Kd6 {[%emt 0:01:53]} 34. e4 {[%emt 0:08:55]} Kc6 {[%emt 0:02:04]} 35. exd5+ {[%emt 0:00:00]} exd5 {[%emt 0:01:52]} 36. gxh5 {[%emt 0:00:00]} gxh5 {[%emt 0:00:04]} 37. Ke3 {[%emt 0:00:00]} a5 {[%emt 0:02:05]} 38. Ra3 {[%emt 0:03:53]} Kxb6 {[%emt 0:00:14]} 39. Kd4 {[%emt 0:00:48]} Kb5 {[%emt 0:02:34]} 40. Kxd5 {[%emt 0:03:20]} Kb4 {[%emt 0:00:33]} 41. Ra1 {[%emt 0:01:52]} Rd7+ {[%emt 0:00:02]} 42. Ke4 {[%emt 0:00:14]} a4 {[%emt 0:00:58]} 43. d4 {[%emt 0:03:51]} a3 {[%emt 0:03:33]} 44. Kd3 {[%emt 0:00:23]} Ra7 {[%emt 0:01:07]} 45. Rb1+ {[%emt 0:03:02]} Ka4 {[%emt 0:00:09]} 46. Ra1 {[%emt 0:02:38]} Kb5 {[%emt 0:02:15]} 47. Ke4 {[%emt 0:11:12]} a2 {[%emt 0:01:00]} 48. Kf5 {[%emt 0:02:01]} Kc4 {[%emt 0:00:30]} 49. Kg5 {[%emt 0:01:43]} Ra5+ {[%emt 0:00:22]} 50. Kf6 {[%emt 0:00:45]} Kxd4 {[%emt 0:00:16]} 51. Kxf7 {[%emt 0:00:18]} Ke3 {[%emt 0:00:20]} 52. Kg6 {[%emt 0:02:14]} Kxf3 {[%emt 0:00:06]} 0-1

[Event "Teplice Open 2019"]
[Site "Teplice"]
[Date "2019.06.19"]
[Round "5.37"]
[White "Mitscherling, Andreas"]
[Black "Paszewski, Mateusz"]
[Result "1/2-1/2"]
[WhiteElo "2175"]
[BlackElo "2346"]
[Annotator "NA"]
[PlyCount "60"]
[EventDate "2019.06.15"]
[EventType "swiss"]
[EventCountry "CZE"]
[SourceTitle "playchess.com"]
[Source "ChessBase"]
[SourceQuality "1"]
[TimeControl "40/5400+30:1800+30"]

1. d4 {[%emt 0:00:00]} d5 {[%emt 0:00:00]} 2. Nf3 {[%emt 0:00:00]} Nf6 {[%emt 0:00:00]} 3. Bf4 {[%emt 0:00:00]} e6 {[%emt 0:00:00]} 4. e3 {[%emt 0:00:31]} Bd6 {[%emt 0:00:19]} 5. Bg3 {[%emt 0:01:24]} c5 {[%emt 0:00:43]} 6. dxc5 {[%emt 0:00:32]} Bxc5 {[%emt 0:01:26]} 7. Be2 {[%emt 0:02:09]} O-O {[%emt 0:04:48]} 8. O-O {[%emt 0:00:34]} Qb6 {[%emt 0:05:44]} 9. Nc3 {[%emt 0:07:17]} Bd7 {[%emt 0:06:24]} 10. Be5 {[%emt 0:07:11]} Rc8 {[%emt 0:03:54]} 11. Bd3 {[%emt 0:03:56]} Bc6 {[%emt 0:06:23]} 12. Bxf6 {[%emt 0:04:25]} gxf6 {[%emt 0:01:40]} 13. Nd4 {[%emt 0:01:16]} Bxd4 {[%emt 0:09:13]} 14. exd4 {[%emt 0:00:15]} f5 {[%emt 0:02:05]} 15. Ne2 {[%emt 0:10:02]} Nd7 {[%emt 0:02:16]} 16. Rb1 {[%emt 0:12:49]} Kh8 {[%emt 0:02:21]} 17. c3 {[%emt 0:00:42]} Bb5 {[%emt 0:03:02]} 18. Nf4 {[%emt 0:00:30]} Rg8 {[%emt 0:01:38]} 19. Qf3 {[%emt 0:08:48]} Rg5 {[%emt 0:06:30]} 20. g3 {[%emt 0:01:44]} Rag8 {[%emt 0:02:12]} 21. Rfe1 {[%emt 0:01:31]} Bxd3 {[%emt 0:01:56]} 22. Nxd3 {[%emt 0:00:07]} Qd8 {[%emt 0:06:50]} 23. Ne5 {[%emt 0:01:11]} Nxe5 {[%emt 0:01:58]} 24. Rxe5 {[%emt 0:00:01]} Rg4 {[%emt 0:00:59]} 25. Kg2 {[%emt 0:05:16]} Qf6 {[%emt 0:02:20]} 26. Rbe1 {[%emt 0:02:52]} Qg6 {[%emt 0:04:21]} 27. h3 {[%emt 0:03:20]} Rg5 {[%emt 0:03:12]} 28. Qf4 {[%emt 0:00:45]} Qh6 {[%emt 0:03:08]} 29. Kh2 {[%emt 0:00:36]} Qf6 {[%emt 0:03:23]} 30. R5e3 {[%emt 0:00:20]} a6 {[%emt 0:01:17]} 1/2-1/2

[Event "Teplice Open 2019"]
[Site "Teplice"]
[Date "2019.06.20"]
[Round "6.1"]
[White "Epishin, Vladimir"]
[Black "Berkes, Ferenc"]
[Result "1/2-1/2"]
[WhiteElo "2564"]
[BlackElo "2675"]
[Annotator "TA"]
[PlyCount "116"]
[EventDate "2019.06.15"]
[EventType "swiss"]
[EventCountry "CZE"]
[SourceTitle "playchess.com"]
[Source "ChessBase"]
[SourceQuality "1"]

{[%evp 17,116,37,27,24,28,29,36,36,35,38,39,40,29,20,22,14,41,0,0,-26,0,-18,-7,-39,-25,-58,-52,-53,-32,-50,-47,-47,-43,-38,-28,-35,-5,-12,-14,-15,0,0,0,0,0,-3,45,0,0,0,0,0,0,-100,-11,-64,-67,-81,-48,-136,-118,-112,-69,-76,-30,-25,-18,-17,-17,-14,-8,-8,-8,-8,-8,-56,0,0,0,0,0,0,0,0,0,0,0,-8,0,0,-6,-8,0,0,0,0,0,0,0,0,0]} 1. c4 g6 2. g3 Bg7 3. Bg2 Nf6 4. Nc3 O-O 5. e4 d6 6. Nge2 Nbd7 7. O-O e5 8. h3 c6 9. d3 a6 10. f4 {A24: English Opening vs King's Indian: Lines without ...Nc6} b5 11. f5 Bb7 (11... b4 12. Na4 Nb6 13. Be3 Nfd7 14. Nxb6 Nxb6 15. f6 Bh8 16. g4 h6 17. Bxh6 Bxf6 18. Bxf8 Kxf8 {1-0 (31) Solak,D (2603)-Kerigan,D (2366) Ankara 2018}) 12. g4 {White is slightly better.} h6 13. g5 hxg5 14. Bxg5 Qb6+ 15. Kh2 Nh7 $146 ({Predecessor:} 15... d5 16. cxd5 cxd5 17. Nxd5 Nxd5 18. exd5 {0-1 (39) Lolici,I (1982)-Uta,A (2085) Brasov 2011}) 16. Bd2 Bf6 17. Ng3 {[#] Strongly threatening fxg6.} Kh8 18. Qe2 Qd8 19. Nd1 Bg5 20. Bc3 Rg8 21. fxg6 fxg6 22. Ne3 Rg7 23. Ng4 c5 24. Bd2 Qe7 25. Rf2 Rf8 26. Raf1 Bc8 27. Ne3 Rxf2 28. Qxf2 Qf8 29. Nd5 {Qxf8+ is the strong threat.} Qxf2 30. Rxf2 Bxd2 31. Rxd2 Rf7 32. b4 cxb4 33. Nxb4 Ng5 34. cxb5 axb5 35. Nc2 (35. Ne2 $11) 35... Kg7 (35... Nf6 $17 {Threatening ...Bxh3!} 36. Ne2 {[#]} Bxh3 $1 {[%mdl 512]}) 36. d4 (36. h4 $11 Nf3+ 37. Bxf3 Rxf3 38. Kg2) 36... Nb6 $15 37. dxe5 Nc4 38. e6 (38. Rd5 $15) 38... Nxe6 ({Much less strong is} 38... Nxd2 39. exf7 Be6 40. Nd4 $15) 39. Re2 Bb7 40. h4 Nf4 41. Rf2 Nxg2 42. Rxf7+ Kxf7 43. Kxg2 $11 {[%mdl 4096] Endgame KBN-KNN} Nd2 44. Nd4 Nxe4 45. Nxe4 Bxe4+ {KB-KN} 46. Kf2 Bd3 ({Black should play} 46... b4 $15 47. Ke3 Bb1) 47. Ke3 {The position is equal.} Bc4 48. a3 Kg7 49. Kf4 Kh6 50. Nf3 Kh5 51. Kg3 Kh6 52. Kf4 Kg7 53. Nd4 Kf6 54. Ke4 Bf1 55. Kd5 Ke7 {Threatens to win with ...Bg2+.} 56. Kc6 Bg2+ 57. Kc7 Bf1 58. Kc6 Bg2+ {Accuracy: White = 63%, Black = 52%.} 1/2-1/2

[Event "Teplice Open 2019"]
[Site "Teplice"]
[Date "2019.06.20"]
[Round "6.2"]
[White "Demchenko, Anton"]
[Black "Romanov, Evgeny"]
[Result "0-1"]
[WhiteElo "2671"]
[BlackElo "2577"]
[Annotator "TA"]
[PlyCount "90"]
[EventDate "2019.06.15"]
[EventType "swiss"]
[EventCountry "CZE"]
[SourceTitle "playchess.com"]
[Source "ChessBase"]
[SourceQuality "1"]

{[%evp 14,90,2,-21,31,31,39,40,40,40,23,20,20,37,26,21,35,32,66,0,0,0,0,0,0,0,0,-30,-31,-27,-27,-28,-23,-22,-27,-169,-167,-189,-185,-184,-180,-169,-186,-165,-159,-195,-193,-193,-190,-311,-291,-375,-374,-513,-495,-498,-498,-497,-476,-627,-468,-462,0,-545,0,-459,-456,-440,-399,-29970,-29975,-29975,-29976,-29963,-29962,-29982,-29983,-29982,-839]} 1. e4 e6 2. d3 d5 3. Qe2 Ne7 4. Nf3 c5 5. g3 Nbc6 6. Bg2 g6 7. O-O Bg7 8. c3 e5 {A08: King's Indian Attack} (8... O-O $11) (8... O-O 9. h4 e5 10. h5 Bg4 11. h6 Bh8 12. Na3 d4 13. Bd2 a6 14. c4 Qd7 15. Qe1 Rae8 16. Nh2 Bh3 {0-1 (44) Jones,G (2677)-Lenderman,A (2630) chess.com INT 2018}) 9. exd5 $14 Qxd5 10. Be3 Bf5 $146 {White is slightly better.} ({Predecessor:} 10... Qd6 11. Nbd2 b6 12. Nc4 Qc7 13. Nfxe5 Bxe5 14. Bg5 f6 15. Nxe5 fxe5 16. Bxe7 Kxe7 17. Bxc6 Qxc6 18. Qxe5+ {0-1 (27) Kovanova,B (2391)-Stupak,K (2527) Moscow 2011}) 11. Rd1 Rd8 {[%cal Rf5d3]} 12. Nd4 Nxd4 13. cxd4 Qd7 14. dxe5 Bxd3 15. Qe1 b6 16. Qc3 ({Better is} 16. Bg5 $14) 16... Qf5 $11 17. f4 {g4! is the strong threat.} O-O {[#]} 18. g4 $1 {[%mdl 512]} Qxg4 19. Rxd3 {Black must now prevent Na3.} Nf5 20. Qd2 Rxd3 $40 {[%mdl 128] Black mounts an attack.} 21. Qxd3 c4 $1 {[%cal Rc4d3]} 22. Qd2 Nxe3 23. Qxe3 Qd1+ $1 24. Kf2 (24. Bf1 $1 $11 {and White is okay.}) 24... Rd8 $19 {aiming for ...Qc2+.} 25. Bf3 Qc2+ {[%mdl 64] Double Attack} 26. Kg3 {[#] Strongly threatening Nc3.} Rd3 $1 {[%cal Rd3e3]} 27. Na3 Qxb2 {[%mdl 64] Double Attack} (27... Rxe3 $2 {loses.} 28. Nxc2 Rd3 29. Nb4 $18) 28. Nxc4 Qc3 29. Qe4 Rxf3+ $1 30. Qxf3 Qxa1 31. Nd6 (31. Qe3 $142) 31... Qxa2 32. Qa8+ Bf8 33. Ne8 Qb3+ 34. Kf2 Qc2+ ({Not} 34... Bc5+ 35. Kg2 $19) 35. Kg3 Qd3+ 36. Kh4 Qf5 37. Kg3 Qd3+ 38. Kh4 $1 Qf5 39. Kg3 $1 h5 {And now ...Qg4+ would win.} 40. Nf6+ Kg7 41. Qxa7 $2 (41. Ne8+ $19 Kh6 42. Qf3) 41... Qd3+ {Black mates.} 42. Kg2 Qe2+ 43. Kg3 Bb4 44. Qa8 Be1+ 45. Kh3 Qf1+ {Accuracy: White = 48%, Black = 84%.} 0-1

[Event "Teplice Open 2019"]
[Site "Teplice"]
[Date "2019.06.20"]
[Round "6.3"]
[White "Movsesian, Sergei"]
[Black "Plat, Vojtech"]
[Result "1-0"]
[WhiteElo "2639"]
[BlackElo "2547"]
[Annotator "TA"]
[PlyCount "63"]
[EventDate "2019.06.15"]
[EventType "swiss"]
[EventCountry "CZE"]
[SourceTitle "playchess.com"]
[Source "ChessBase"]
[SourceQuality "1"]

{[%evp 10,63,43,25,56,55,67,60,50,40,52,40,33,25,40,44,44,34,40,43,58,53,56,44,47,24,80,86,161,9,160,0,0,0,139,46,46,57,43,45,52,49,254,239,507,493,1150,1128,1271,1529,1304,1568,1421,1402,1244,1223]} 1. e4 c5 2. Nf3 Nc6 3. d4 cxd4 4. Nxd4 e6 5. Nc3 d6 6. g4 Be7 {B54: Sicilian: 2...d6 3 d4 cxd4 4 Nxd4, Unusual Lines} (6... a6 7. g5 Bd7 8. Be3 b5 9. a3 Rc8 10. Nxc6 Bxc6 11. Qd2 Qa5 12. Bg2 Ne7 13. f4 Rd8 14. Qf2 {1-0 (52) Bacrot,E (2725)-Movsesian,S (2647) Riadh 2017}) 7. Be3 a6 8. Rg1 h6 {White is slightly better.} 9. Qd2 Nf6 10. Be2 Nxd4 11. Qxd4 e5 12. Qd3 Be6 13. O-O-O Rc8 $146 ({Predecessor:} 13... Qa5 14. Kb1 {1-0 (35) Emelyanov,M-Talaluev,D RCCA corr 2002}) 14. Kb1 Qa5 {Strongly threatening ...Rxc3!} 15. Nd5 $1 Nxd5 16. exd5 Bd7 17. f4 exf4 (17... O-O $11) 18. Bxf4 $16 Qa4 (18... Bb5 $16 19. Qe4 Bxe2 20. Qxe2 Qb4) 19. Qe3 $2 (19. Qd2 $18) 19... Qxc2+ $11 20. Ka1 {Hoping for Bxd6.} Qc5 $1 {[%cal Rc5e3]} 21. Qe4 {Threatening g5.} Qb6 {[#]} (21... Kf8 $11) 22. Rgf1 (22. Be3 $1 $16 {[%cal Re3b6]} Qd8 23. Rdf1) 22... Kf8 $14 23. Be3 {[%mdl 1024] White has compensation.} Qd8 24. Bd4 Kg8 25. Bd3 $40 {[%mdl 128] Black must now prevent Rxf7! White is up to no good.} Bf8 $2 (25... Qf8 $14) 26. Qf3 $18 {[%csl Gf1][%cal Rf3f7]} Be8 $2 (26... Qe8 {was called for.} 27. Rde1 Be7) 27. Rde1 {White is clearly winning.} Be7 {[#]} (27... Qd7 $142 28. Bf5 {[%mdl 64] Skewer} Qc7) 28. Bb6 $1 {[%mdl 576] Deflection} Qxb6 29. Rxe7 Qd8 30. Rxf7 {[%csl Gf1,Gf3][%cal Rf7f8]} Rc1+ 31. Rxc1 {[%csl Gf3][%cal Rf7f8]} Bxf7 32. Bf5 {Accuracy: White = 66%, Black = 38%.} 1-0

[Event "Teplice Open 2019"]
[Site "Teplice"]
[Date "2019.06.20"]
[Round "6.4"]
[White "Tari, Aryan"]
[Black "Vorobiov, Evgeny E."]
[Result "0-1"]
[WhiteElo "2623"]
[BlackElo "2556"]
[Annotator "TA"]
[PlyCount "38"]
[EventDate "2019.06.15"]
[EventType "swiss"]
[EventCountry "CZE"]
[SourceTitle "playchess.com"]
[Source "ChessBase"]
[SourceQuality "1"]

{[%evp 28,64,45,44,29,33,47,43,31,0,0,0,45,0,0,0,16,0,15,12,14,15,15,0,0,0,0,0,0,0,0,0,0,-11,-5,-10,0,-5010,409]} 1. e4 c5 2. Nf3 Nc6 3. d4 cxd4 4. Nxd4 Nf6 5. Nc3 e5 6. Ndb5 d6 7. Bg5 a6 8. Na3 b5 9. Bxf6 gxf6 10. Nd5 Bg7 11. Bd3 Ne7 12. Nxe7 Qxe7 13. c4 O-O 14. O-O f5 15. Qh5 d5 {B33: Sicilian: Pelikan and Sveshnikov Variations} (15... bxc4 16. Nxc4 d5 17. exd5 e4 18. Be2 f4 19. Rad1 Qd8 20. f3 e3 21. g3 Qf6 22. Kh1 fxg3 23. hxg3 {½-½ (42) Fedorchuk,S (2626)-Lagarde,M (2615) Escaldes 2018}) 16. cxd5 Qd8 17. exf5 Qxd5 {White is slightly better.} 18. Qe2 $146 {Hoping for Be4.} ({Predecessor:} 18. Rad1 e4 19. Bxb5 Qxf5 20. Qxf5 Bxf5 21. Bd7 Bxd7 22. Rxd7 Bxb2 23. Nc4 {½-½ (43) Baufays,H (2343)-Salcedo Mederos,P (2355) ICCF email 2014}) 18... Bb7 {[%csl Gb7][%cal Rd5g2]} 19. f3 $1 Qd4+ {Played: e5-e4} 0-1

[Event "Teplice Open 2019"]
[Site "Teplice"]
[Date "2019.06.20"]
[Round "6.5"]
[White "Ali Marandi, Cemil Can"]
[Black "Nisipeanu, Liviu-Dieter"]
[Result "0-1"]
[WhiteElo "2520"]
[BlackElo "2667"]
[Annotator "TA"]
[PlyCount "76"]
[EventDate "2019.06.15"]
[EventType "swiss"]
[EventCountry "CZE"]
[SourceTitle "playchess.com"]
[Source "ChessBase"]
[SourceQuality "1"]

{[%evp 9,76,0,28,31,25,-14,0,-4,11,4,19,14,13,33,33,-18,4,9,4,0,0,0,10,2,0,0,0,-40,-37,-52,-56,-79,-63,-69,0,0,0,-10,0,-5,-14,-72,-37,-41,-33,-127,-114,-218,-219,-260,-153,-160,-161,-677,-668,-738,-882,-866,-876,-5962,-5397,-29984,-29984,-29983,-5110,-29997,-121,-29998,-29999]} 1. d4 d5 2. Bf4 c5 3. e3 cxd4 4. exd4 Nc6 5. c3 e6 (5... Nf6 6. Nd2 Bg4 7. Qb3 Qc8 8. Ngf3 e6 9. Bd3 Bh5 10. O-O Bg6 11. Bxg6 hxg6 12. Rae1 Be7 13. g3 O-O 14. Ne5 Nxe5 15. dxe5 Nd7 16. h4 Nc5 17. Qc2 Qc6 18. Re3 Qa6 19. Qb1 Rac8 20. Kg2 b5 {0-1 (50) Duda,J (2738)-Van Foreest,J (2612) Wijk aan Zee 2019}) 6. Nd2 {B13: Caro-Kann: Exchange Variation and Panov-Botvinnik Attack} Bd6 7. Bg3 Nge7 8. Bd3 {The position is equal.} O-O 9. Ngf3 f6 10. Qe2 $146 ({Predecessor:} 10. Qc2 h6 11. O-O-O Bxg3 12. hxg3 Bd7 13. Kb1 {0-1 (49) Sukandar,I (2397)-Bernadskiy,V (2570) Lisbon 2019}) 10... Qc7 11. Bxd6 Qxd6 12. Rd1 ({White should try} 12. O-O-O $14) 12... Bd7 13. O-O Be8 14. Rfe1 Bf7 15. Nf1 Rae8 16. Ng3 Ng6 17. Qc2 Kh8 18. Re3 Nf4 19. Rde1 e5 20. dxe5 $1 fxe5 21. Ng5 g6 (21... e4 $15 22. Nxf7+ Rxf7) 22. Nxf7+ $11 Rxf7 23. Bb5 Qf6 24. Bxc6 bxc6 25. Nf1 (25. f3 $11 {remains equal.}) 25... Kg7 26. f3 h5 27. Qf2 (27. b4 $15) 27... c5 $17 {[%cal Bc6c5,Bc5c4][%mdl 32]} 28. Nd2 (28. Qc2 $17 {is a better defense.}) 28... c4 $19 29. Qf1 {[#]} Qb6 ({Better is} 29... e4 $1 $19 {[%mdl 512] White must now prevent ...Qb6.} 30. b3 (30. fxe4 Qb6) 30... Rb8 31. fxe4 Qb6) 30. b3 $17 Nd3 $36 {[%mdl 2048] Black has strong initiative.} 31. R1e2 $2 (31. bxc4 Nxe1 32. Qxe1) 31... e4 $1 $19 {[%cal Re4f3]} 32. Kh1 exf3 $1 {[%mdl 64] Overworked Piece} 33. Rxf3 {[#]} Rfe7 $1 {[%cal Re7e2]} 34. Rf8 Rxe2 35. Qf7+ Kh6 36. Rxe8 Rxe8 (36... Nf2+ $142 37. Qxf2 Rxf2 38. Re1 Rxd2 39. bxc4 {[#]} Re2 $1 {[%mdl 512]} 40. Rg1 dxc4 41. h3 Qf2 42. Kh2 Rxa2 43. Kh1 Qg3 44. Rf1 Qxg2#) 37. Qxe8 Nf2+ 38. Kg1 {[#] Qf8+ is the strong threat.} Nh3+ $1 {[%mdl 576] Discovered Attack (Double check). Accuracy: White = 40%, Black = 69%.} 0-1

[Event "Teplice Open 2019"]
[Site "Teplice"]
[Date "2019.06.20"]
[Round "6.6"]
[White "Lagarde, Maxime"]
[Black "Greenfeld, Alon"]
[Result "1/2-1/2"]
[WhiteElo "2599"]
[BlackElo "2513"]
[Annotator "ChessBase"]
[PlyCount "65"]
[EventDate "2019.06.15"]
[EventType "swiss"]
[EventCountry "CZE"]
[SourceTitle "playchess.com"]
[Source "ChessBase"]
[SourceQuality "1"]
[TimeControl "40/5400+30:1800+30"]

1. e4 {[%emt 0:00:00]} e5 {[%emt 0:00:50]} 2. Nf3 {[%emt 0:01:29]} Nc6 {[%emt 0:00:25]} 3. c3 {[%emt 0:00:49]} Nf6 {[%emt 0:02:42]} 4. d4 {[%emt 0:00:10]} d6 {[%emt 0:12:22]} 5. Bb5 {[%emt 0:06:13]} Bd7 {[%emt 0:01:12]} 6. O-O {[%emt 0:02:24]} Be7 {[%emt 0:02:23]} 7. Re1 {[%emt 0:04:43]} O-O {[%emt 0:00:26]} 8. h3 {[%emt 0:07:32]} Nxd4 {[%emt 0:05:31]} 9. Nxd4 {[%emt 0:02:17]} exd4 {[%emt 0:00:09]} 10. Bxd7 {[%emt 0:00:06]} Qxd7 {[%emt 0:01:34]} 11. cxd4 {[%emt 0:00:45]} d5 {[%emt 0:00:10]} 12. e5 {[%emt 0:00:12]} Ne4 {[%emt 0:00:10]} 13. Nd2 {[%emt 0:00:17]} f5 {[%emt 0:06:53]} 14. Qb3 {[%emt 0:08:52]} c5 {[%emt 0:07:07]} 15. dxc5 {[%emt 0:04:24]} Nxc5 {[%emt 0:01:12]} 16. Qd1 {[%emt 0:03:22]} Rad8 {[%emt 0:06:53]} 17. Nf3 {[%emt 0:02:05]} d4 {[%emt 0:04:23]} 18. Bg5 {[%emt 0:06:33]} Ne6 {[%emt 0:07:57]} 19. Bxe7 {[%emt 0:02:32]} Qxe7 {[%emt 0:00:02]} 20. Qa4 {[%emt 0:02:57]} a6 {[%emt 0:00:21]} 21. Rad1 {[%emt 0:00:50]} Qd7 {[%emt 0:01:57]} 22. Qa3 {[%emt 0:07:20]} Qc6 {[%emt 0:08:48]} 23. Qe7 {[%emt 0:05:07]} Rd7 {[%emt 0:10:59]} 24. Qh4 {[%emt 0:00:20]} g5 {[%emt 0:00:06]} 25. Qg3 {[%emt 0:05:54]} h6 {[%emt 0:02:49]} 26. h4 {[%emt 0:02:47]} Qd5 {[%emt 0:07:14]} 27. hxg5 {[%emt 0:05:39]} hxg5 {[%emt 0:00:20]} 28. Rd2 {[%emt 0:00:56]} g4 {[%emt 0:01:44]} 29. Red1 {[%emt 0:00:45]} Qe4 {[%emt 0:00:26]} 30. Re1 {[%emt 0:01:26]} Qd5 {[%emt 0:00:12]} 31. Red1 {[%emt 0:00:04]} Qe4 {[%emt 0:00:20]} 32. Re1 {[%emt 0:00:04]} Qd5 {[%emt 0:00:09]} 33. Red1 {[%emt 0:01:54]} 1/2-1/2